000 00487nam a2200145Ia 4500
008 211109s9999||||xx |||||||||||||| ||und||
082 _a894.8121
_bDAM-K
100 _aNampoothri, Damodharan
245 0 _aKalakeya Vathem: Seethankan Thullal
260 _bNATIONAL BOOKSTALL
_aKottayam
_c1900
300 _a58p.
630 _xGeneral Stack
650 _aLiteratures of other languages
_vAltaic, Uralic, Hyperborean & DravidianMalayalam LiteratureMalayalam Poetry
_xGeneralia
942 _cBOOK
999 _c5250
_d5250